000
00429nam a2200181Ia 4500
008
090124s9999 xx 000 0 und d
082
_b
122754
100
_a
साठे माया
245
_a
कमळा
250
_a
1
260
_c
1988
300
_a
238
600
_a
साठे माया
630
_a
कमळा
700
_a
साठे माया
730
_a
कमळा
942
_c
BOOK
999
_c
168840
_d
168840